Heat and mass transfer (Record no. 5861)

000 -LEADER
fixed length control field 00529nam a2200205 4500
001 - CONTROL NUMBER
control field 5861
003 - CONTROL NUMBER IDENTIFIER
control field BD-DhUET
008 - FIXED-LENGTH DATA ELEMENTS--GENERAL INFORMATION
fixed length control field 700409m19679999is a b 000 0 eng
040 ## - CATALOGING SOURCE
Original cataloging agency DLC
Transcribing agency DLC
Modifying agency BD-DhUET
082 00 - DEWEY DECIMAL CLASSIFICATION NUMBER
Classification number 621.011
Item number ECK/1959
100 ## - MAIN ENTRY--PERSONAL NAME
Personal name Eckert, R. R. G.
245 00 - TITLE STATEMENT
Title Heat and mass transfer
250 ## - EDITION STATEMENT
Edition statement 2nd ed.
260 ## - PUBLICATION, DISTRIBUTION, ETC. (IMPRINT)
Place of publication, distribution, etc. New York
Name of publisher, distributor, etc. McGraw-Hill
Date of publication, distribution, etc. 1959
300 ## - PHYSICAL DESCRIPTION
Extent xiv, 530p.
490 1# - SERIES STATEMENT
Series statement McGraw-Hill series in mechanical engineering
650 #0 - SUBJECT ADDED ENTRY--TOPICAL TERM
Topical term or geographic name as entry element Heat-Transmission
700 ## - ADDED ENTRY--PERSONAL NAME
Personal name Drake, Robert M.
942 ## - ADDED ENTRY ELEMENTS (KOHA)
Koha item type General Book
Holdings
Damaged status Koha date last seen Koha normalized classification for sorting Koha issues (times borrowed) Koha date last borrowed Koha full call number Date acquired Price effective from Piece designation (barcode) Shelving location Koha item type Location (home branch) Sublocation or collection (holding branch) Copy number Source of classification or shelving scheme Not for loan Lost status Withdrawn status
 2014-11-29621_011000000000000_ECK_1959  621.011/ECK/19592014-11-292014-11-2936668Circulation sectionGeneral BookCentral Library, BUETCentral Library, BUET     
 2014-12-03621_000000000000000_011ECK1959  621.011/ECK/19592014-12-032014-12-0314884Circulation sectionGeneral BookCentral Library, BUETCentral Library, BUET2    
 2015-04-12621_011000000000000_ECK_1959  621.011/ECK/19592015-04-122015-04-1211302Circulation sectionGeneral BookCentral Library, BUETCentral Library, BUET3    
 2015-04-12621_011000000000000_ECK_1959  621.011/ECK/19592015-04-122015-04-1231276Circulation sectionGeneral BookCentral Library, BUETCentral Library, BUET4    
 2015-04-12621_011000000000000_ECK_1959  621.011/ECK/19592015-04-122015-04-1231274Circulation sectionGeneral BookCentral Library, BUETCentral Library, BUET5    
 2015-04-12621_011000000000000_ECK_1959  621.011/ECK/19592015-04-122015-04-1231271Circulation sectionGeneral BookCentral Library, BUETCentral Library, BUET6    
 2015-04-12621_011000000000000_ECK_1959  621.011/ECK/19592015-04-122015-04-1231272Circulation sectionGeneral BookCentral Library, BUETCentral Library, BUET7    
 2021-11-28621_011000000000000_ECK_195912020-03-02621.011/ECK/19592015-04-132015-04-1331277Circulation sectionGeneral BookCentral Library, BUETCentral Library, BUET8    
 2015-04-13621_011000000000000_ECK_1959  621.011/ECK/19592015-04-132015-04-1311301Circulation sectionGeneral BookCentral Library, BUETCentral Library, BUET9    
 2015-04-13621_011000000000000_ECK_1959  621.011/ECK/19592015-04-132015-04-1311303Circulation sectionGeneral BookCentral Library, BUETCentral Library, BUET10    
 2015-04-13621_011000000000000_ECK_1959  621.011/ECK/19592015-04-132015-04-1324625Circulation sectionGeneral BookCentral Library, BUETCentral Library, BUET11    
 2015-04-13621_011000000000000_ECK_1959  621.011/ECK/19592015-04-132015-04-137652Circulation sectionGeneral BookCentral Library, BUETCentral Library, BUET12    
 2015-04-13621_011000000000000_ECK_1959  621.011/ECK/19592015-04-132015-04-1324320Circulation sectionGeneral BookCentral Library, BUETCentral Library, BUET13    
 2015-04-13621_011000000000000_ECK_1959  621.011/ECK/19592015-04-132015-04-1324976Circulation sectionGeneral BookCentral Library, BUETCentral Library, BUET14    
 2015-04-13621_011000000000000_ECK_1959  621.011/ECK/19592015-04-132015-04-1331275Circulation sectionGeneral BookCentral Library, BUETCentral Library, BUET15    
 2015-06-16621_011000000000000_ECK_1959  621.011/ECK/19592015-06-162015-06-167655Reading sectionGeneral BookCentral Library, BUETCentral Library, BUET16